|
|
|
|
| LEADER |
02224nam a2200589 a 4500 |
| 001 |
nkc20152664723 |
| 003 |
CZ PrNK |
| 005 |
20220615100752.0 |
| 007 |
ta |
| 008 |
150212s2014 xr a f f 001 0 cze |
| 015 |
|
|
|a cnb002664723
|
| 020 |
|
|
|a 978-80-7435-398-7
|q (brož.)
|
| 035 |
|
|
|a (OCoLC)904580405
|
| 040 |
|
|
|a OLA001
|b cze
|d ABA001
|
| 041 |
0 |
|
|a cze
|b cze
|b eng
|
| 072 |
|
7 |
|a 37
|x Výchova a vzdělávání
|2 Konspekt
|9 22
|
| 080 |
|
|
|a 37.018.1
|2 MRF
|
| 080 |
|
|
|a 316.36:37.016
|2 MRF
|
| 080 |
|
|
|a 37.015.31:316.42
|2 MRF
|
| 080 |
|
|
|a 159.942
|2 MRF
|
| 080 |
|
|
|a 37.091.33:316.6
|2 MRF
|
| 080 |
|
|
|a (048.8)
|2 MRF
|
| 080 |
|
|
|a (076.5)
|2 MRF
|
| 100 |
1 |
|
|a Líšková, Barbora
|7 ola2015859861
|4 aut
|
| 245 |
1 |
0 |
|a Citová a emocionální výchova v rodině a ve škole /
|c Barbora Líšková
|
| 250 |
|
|
|a Vyd. 1.
|
| 260 |
|
|
|a Hradec Králové :
|b Gaudeamus,
|c 2014
|
| 300 |
|
|
|a 120 s. :
|b il. ;
|c 21 cm
|
| 500 |
|
|
|a Nad názvem: Univerzita Hradec Králové, Pedagogická fakulta, katedra sociální pedagogiky
|
| 500 |
|
|
|a 100 výt.
|
| 504 |
|
|
|a Obsahuje bibliografii a rejstřík
|
| 546 |
|
|
|a České a anglické resumé
|
| 550 |
|
|
|a Vydavatel: Univerzita Hradec Králové
|
| 650 |
0 |
7 |
|a rodinná výchova
|7 ph125184
|2 czenas
|
| 650 |
0 |
7 |
|a osobnostní a sociální výchova
|7 ph351300
|2 czenas
|
| 650 |
0 |
7 |
|a emoční inteligence
|7 ph119926
|2 czenas
|
| 650 |
0 |
7 |
|a sociálněpsychologické hry
|7 ph173208
|2 czenas
|
| 650 |
0 |
9 |
|a family education
|2 eczenas
|
| 650 |
0 |
9 |
|a personal and social education
|2 eczenas
|
| 650 |
0 |
9 |
|a emotional intelligence
|2 eczenas
|
| 650 |
0 |
9 |
|a social psychological games
|2 eczenas
|
| 655 |
|
7 |
|a monografie
|7 fd132842
|2 czenas
|
| 655 |
|
7 |
|a praktická cvičení
|7 fd133118
|2 czenas
|
| 655 |
|
9 |
|a monographs
|2 eczenas
|
| 655 |
|
9 |
|a problems, exercises, etc
|2 eczenas
|
| 710 |
2 |
|
|a Univerzita Hradec Králové.
|b Katedra sociální pedagogiky
|7 kn20080924020
|
| 910 |
2 |
|
|a BOA001
|b 2-1340.570
|
| 990 |
|
|
|a BK
|
| 995 |
|
|
|a 01
|
| 991 |
|
|
|b 201504
|c NOV
|e n
|
| 996 |
6 |
|
|b 2610623903
|c 2-1340.570
|l MZK
|r Sklad / do 1 hodiny
|n 7
|p p.v.
|w 001492233
|u 000010
|a 1
|e BOA001
|j MZK50
|s P
|
| 996 |
7 |
|
|b 2610625689
|c 2-1340.570
|l MZK
|r Sklad / do 1 hodiny
|n 13
|p dar
|w 001492233
|u 000020
|a 1
|e BOA001
|j MZK50
|s A
|